Normal view
MARC view
- السنة - دفع مطاعن - الحديث - دفع مطاعن
Entry Topical Term
001 - CONTROL NUMBER
- control field: 9719
003 - CONTROL NUMBER IDENTIFIER
- control field: JO-AjAnu
005 - DATE AND TIME OF LATEST TRANSACTION
- control field: 20230606071849.0
008 - FIXED-LENGTH DATA ELEMENTS
- fixed length control field: 230606|| aca||aabn | a|a d
040 ## - CATALOGING SOURCE
- Original cataloging agency: JO-AjAnu
- Transcribing agency: JO-AjAnu
150 ## - HEADING--TOPICAL TERM
- Topical term or geographic name entry element: السنة - دفع مطاعن - الحديث - دفع مطاعن
670 ## - SOURCE DATA FOUND
- Source citation: Work cat.: (JO-AjAnu)5011: البهنساوي، سالم علي, author 9718, السنة المفترى عليها